00715nam a2200217Ia 4500008004100000040001900041041001200060082002200072100004700094245005100141260003200192300002000224440004000244504005000284630004200334630001900376650003100395651003200426700002900458850001000487131103s9999 xx 000 0 und d aLoreto College aEnglish a821.5/POPb#NAME? aCunningham,J.S.(John Cunningham 1729 - 73) aPopeb The 'Rape of the lock' cJ.S.Cunningham aLondonbEdward Arnoldc1961 a61 p. c 18 cm. aStudies In English Literature; No.2 aIncludes bibliographical references and index a18th Century Poet - Rape of the Lock aEnglish Poetry aPope,Alexander,1688 - 1744 aCunninghan,John S. 1729 -73 aDaiches,David,series ed. aLCLIB